Score 0/24 Timer 06:00
1 Play Today
% Correct
The Dark Knight
94.2%
Star Trek
93.3%
How the Grinch Stole Christmas
93%
Braveheart
92.3%
Troy
84.3%
The Many Adventures of Winnie the Pooh
84.1%
X2: X-Men United
82.7%
Terminator 2: Judgment Day
82.6%
Remember the Titans
82.3%
The Shawshank Redemption
81.5%
Robin Hood
78.6%
War of the Worlds
77.4%
% Correct
Stand By Me
76.4%
The Green Mile
71.9%
Lord of the Rings: The Return of the King
70.3%
Apocalypse Now
65.7%
The Wolfman
64.6%
Ted
61%
The Big Lebowski
57.6%
Fever Pitch
57.5%
Gandhi
50.4%
James and the Giant Peach
49.5%
Blade: Trinity
45.4%
Ghost Rider
39.5%
Come Together.
Have Fun.
All Virtual.
We all need to come together. Play Sporcle's virtual live trivia to have fun, connect with people, and get your trivia on. Join a live hosted trivia game for your favorite pub trivia experience done virtually. If a virtual private party is more your thing, go here for details.

You're not logged in!

Compare scores with friends on all Sporcle quizzes.
OR
Log In

Sporcle TV

Today on Sporcle TV


Watch our educational content, quiz creation guides, and fun videos on Sporcle TV.

Show Comments

Extras

Top Quizzes Today


Score Distribution

Paid Content

Your Account Isn't Verified!

In order to create a playlist on Sporcle, you need to verify the email address you used during registration. Go to your Sporcle Settings to finish the process.

Report this User

Report this user for behavior that violates our Community Guidelines.

Details: